000 00579nam a22001937a 4500
003 CEME
005 20210628203307.0
008 210125b xxu||||| |||| 00| 0 eng d
020 _a978-81-317-1026
040 _c.
082 _a004.16 MAZ
100 _aMuhammad Ali Mazidi, Gillispie,Janice, Mckinlay,Rolin.D
_964530
245 _aThe 8051 microcontroller and embedded systems, using assembly and c
250 _a2ND
260 _aINDIA
_bPRENTICE HALL INDIA
_c2008
300 _a545P
650 _aTHE 8051 MICROCONTROLLER AND EMBEDDED SYSTEMS
_964531
942 _cBK
_2ddc
999 _c572990
_d572990